Greta Gerwig Movies - Statistics

General Stats
  • This quiz has been taken 11 times
  • The average score is 7 of 35
Answer Stats
Year Movie % Correct
2023 Barbie
100%
2017 Lady Bird
88%
2019 Little Women
88%
2012 Frances Ha
38%
2016 Jackie
38%
2006 LOL
38%
2010 Greenberg
25%
2018 Isle of Dogs
25%
2015 Maggie's Plan
25%
2015 Mistress America
25%
2011 No Strings Attached
25%
2025 Snow White
25%
2022 White Noise
25%
2016 20th Century Women
13%
2011 Arthur
13%
2008 Baghead
13%
2011 Damsels in Distress
13%
2014 Eden
13%
2007 Hannah Takes the Stairs
13%
2012 Lola Versus
13%
2008 Nights and Weekends
13%
2010 Northern Comfort
13%
2009 The House of the Devil
13%
2014 The Humbling
13%
2012 To Rome With Love
13%
2016 Wiener-Dog
13%
2008 Yeast
13%
2010 Art House
0%
2009 Une aventure New-Yorkaise
0%
2016 Don't Think Twice
0%
2008 I Thought You Finally Completely Lost It
0%
2012 The Corrections
0%
2011 The Dish and the Spoon
0%
TBD Untitled Chronicles of Narnia Movie
0%
2009 You Won't Miss Me
0%
No matching quizzes found
Score Distribution
Percent of People with Each Score
Percentile by Number Answered
Your Score History
You have not taken this quiz